Tiềm năng - năng lực - nhân tài /

محفوظ في:
التفاصيل البيبلوغرافية
المؤلف الرئيسي: Phạm Minh Hạc, GS.TSKH.
التنسيق: مقال
اللغة:Vietnamese
الموضوعات:
الوسوم: إضافة وسم
لا توجد وسوم, كن أول من يضع وسما على هذه التسجيلة!
Thư viện lưu trữ: Thư viện Trường Đại học Đà Lạt
LEADER 00736nam a2200265 4500
001 DLU090072088
005 ##20090508
040 # # |a DLU  |b vie 
041 # # |a vie 
044 # # |a vn 
100 # # |a Phạm Minh Hạc,  |c GS.TSKH. 
245 # # |a Tiềm năng - năng lực - nhân tài /  |c Phạm Minh Hạc. 
653 # # |a Nhân lực 
653 # # |a Nhân tài 
653 # # |a Tiềm năng 
773 # # |t Nghiên cứu Con người  |g Số 3(24), 2006, tr. 3-15 
920 # # |a Phòng Tạp chí -- Trung tâm Thông tin - Thư viện Trường Đại học Đà Lạt 
994 # # |a DLU 
900 # # |a True 
911 # # |a Đào Thị Thu Huyền 
925 # # |a G 
926 # # |a A 
927 # # |a BB 
980 # # |a Thư viện Trường Đại học Đà Lạt